Pays limitrophes commençant par la même lettre - Statistiques

Statistiques générales
  • Ce quiz a été pris 162 fois
    139 depuis la dernière actualisation
  • Le résultat moyen est 21 sur 31
Statistiques - réponses
Lettre Pays % Correct
Z Zimbabwe
90%
Z Zambie
89%
M Mauritanie
82%
M Mali
80%
A Allemagne
79%
A Allemagne
79%
M Maroc
79%
A Autriche
76%
A Autriche
76%
K Kazakhstan
76%
L Lituanie
75%
K Kirghizistan
74%
L Lettonie
74%
B Bolivie
72%
B Brésil
71%
E Érythrée
69%
E Ethiopie
69%
I Irak
69%
I Iran
69%
A Arménie
67%
A Azerbaïdjan
65%
G Guinée
62%
N Niger
59%
N Nigeria
58%
S Soudan
58%
G Guinée-Bissau
57%
S Soudan Du Sud
56%
M Mozambique
48%
M Malawi
46%
B Bénigne
42%
B Burkina Faso
41%
Aucun quiz correspondant
Distribution des résultats
% des personnes avec chaque résultat
Percentile par nombre de réponses
Votre historique - résultats
Vous n’avez pas pris ce quiz depuis la dernière actualisation